000 00977nam a2200265Ia 4500
003 OSt
005 20220923211417.0
006 a|||||r|||| 00| 0
007 ta
008 220922b |||||||| |||| 00| 0 san d
020 _a9788192236353 (hbk)
_c695
024 _a324,909
037 _b295, 18/01/2018, Eastern Book Linkers
_cTextual
040 _aARTS
_cARTS
_bsan
041 _2san
_asan
082 _aWx1,1, 152Q7
100 _aदत्त, योगेन्द्र, ले.
_9159214
245 0 _aचाणक्य प्रबंधन मंत्र
246 _aChāṇakya prabandhan hintra
260 _aदिल्ली
_b गुरू साहिब प्रकाशन
_c2017
300 _a288पृ0
_ccm.
650 _aभारतीय राजनीति
_9156264
942 _hWx1,1, 152Q7
_cTEXL
_2CC
999 _c299222
_d299222